000 00633nam a2200241Ia 4500
003 OSt
005 20220927110348.0
006 a|||||r|||| 00| 0
007 ta
008 220926b |||||||| |||| 00| 0 eng d
024 _a55425
037 _cReports
040 _aRTL
_cRTL
_beng
041 _2eng
_aeng
082 _a"X:97D.3.N7, L1"
100 _aHyman Richard
_9376684
245 0 _aWorker's union
260 _aOxford
_bClarendon Press
_c1971
300 _a"xii,231p"
_ccm.
650 _aTrade Unions
942 _h"X:97D.3.N7, L1"
_cCC
999 _c695818
_d695818